Vybrané parametre anoxickej granulovanej biomasy diplomová práca

Saved in:
Bibliographic Details
Main Author: Ursíková, Monika
Format: Book
Language:Slovak
Published: Bratislava STU FCHPT 2014
Online Access:View in OPAC
Tags: Add Tag
No Tags, Be the first to tag this record!

MARC

LEADER 00000nam a2200000 a 4500
005 20260127134303.0
008 140708 2014 000 0 slo d
035 |a vtls010608832 
039 9 |y 201407081403  |z mschk03 
040 |a STUSCHK1  |b slo  |c STUSCHK1  |e AACR2 
100 1 |a Ursíková, Monika 
245 1 |a Vybrané parametre anoxickej granulovanej biomasy  |b diplomová práca  |c Monika Ursíková 
260 |a Bratislava  |b STU FCHPT  |c 2014 
300 |a 45 s.  |b Obr.  |c 30 cm 
500 |a Obhájené: 9.6.2014 
500 |a Štud. program: environmentálna chémia a technológia 
500 |a Štud. odbor: chemické technológie 
500 |a Škol. pracovisko: Odd. environmentálneho inžinierstva 
500 |a Evid. číslo: FCHPT-13572-58297 
910 |a SCHK95 
999 |c 8809  |d 8809